000 00785 a2200265 4500
001 106567
020 _a9781626720756
041 _apor
090 _aYear 6 741
100 _aYang, Gene Luen.
250 _a1st ed. 2015.
300 _a91 p.
697 _aComputer programming - Comic books, strips, etc - Fiction.
697 _aGifted children - Comic books, strips, etc - Fiction.
697 _aPrivate schools - Comic books, strips, etc - Fiction.
697 _aSchool stories.
697 _aScience fiction comics.
697 _aDetective and mystery comics.
697 _aGraphic novels.
856 _u00000f/00000f4b.jpg
040 _aBR-BrIDEA
_cBR-BrIDEA
245 1 0 _aSecret coders
_c Gene Luen Yang
260 _a[S.l.]
_bFirst Second
_c2015
942 _cBK
999 _c106567
_d106567